LEADER 01030nam0-2200337---450- 001 990009927340403321 005 20150107103627.0 010 $a978-88-348-4869-2 035 $a000992734 035 $aFED01000992734 035 $a(Aleph)000992734FED01 035 $a000992734 100 $a20150107d2014----km-y0itay50------ba 101 0 $aita 102 $aIT 105 $ay-------001yy 200 1 $aContabilità generale e bilancio d'impresa$fa cura di Paolo Andrei e Anna Maria Fellegara 205 $aSeconda edizione aggiornata 210 $aTorino$cGiappichelli$dc2014 215 $aXIV, 320 p.$d24 cm 225 1 $aDeterminazione e comunicazione del valore nelle aziende$iSerie Didattica$v1 676 $a647 702 1$aAndrei,$bPaolo$f<1962- > 702 1$aFellegara,$bAnna Maria 801 0$aIT$bUNINA$gRICA$2UNIMARC 901 $aBK 912 $a990009927340403321 952 $aAZRAG175A$b22062$fDECBC 959 $aDECBC 996 $aContabilità generale e bilancio d'impresa$9709079 997 $aUNINA LEADER 00903nam0-22002891i-450 001 990004949420403321 005 20180417111450.0 010 $a0-85224-334-0 035 $a000494942 035 $aFED01000494942 100 $a19990530d1977----km-y0itay50------ba 101 0 $aeng 102 $aGB 105 $ayf------001yy 200 1 $aLiterature and the delinquent$ethe picaresque novel in Spain and Europe 1599-1753$fAlexander A. Parker 210 $aEdimburgh$cEdimburgh University press$d1977 215 $aX, 195 p., [5] c. di tav.$d18 cm 610 0 $aRomanzi picareschi$aEuropa$a1599-1753 676 $a809.387$v22 700 1$aParker,$bAlexander Augustine$0158547 801 0$aIT$bUNINA$gRICA$2UNIMARC 901 $aBK 912 $a990004949420403321 952 $a809.387 PAR 1$bIst.f.m.30725$fFLFBC 959 $aFLFBC 996 $aLiterature and the delinquent$9527480 997 $aUNINA